header

Constructions and language change (Record no. 13278)

MARC details
000 -LEADER
fixed length control field 01283nam a2200325Ia 4500
245 00 - TITLE STATEMENT
Title Constructions and language change
260 ## - PUBLICATION, DISTRIBUTION, ETC. (IMPRINT)
Place of publication Berlin ;
-- New York :
Name of publisher Mouton de Gruyter,
Year of publication c2008.
300 ## - PHYSICAL DESCRIPTION
Number of Pages 271 p. :
Other physical details ill.
490 0# - SERIES STATEMENT
Series statement Trends in linguistics. Studies and monographs,
650 #0 - SUBJECT ADDED ENTRY--TOPICAL TERM
Topical Term Linguistic change.
Topical Term Grammar, Comparative and general.
700 1# - ADDED ENTRY--PERSONAL NAME
Personal name Bergs, Alexander.
Personal name Diewald, Gabriele.
856 40 - ELECTRONIC LOCATION AND ACCESS
Uniform Resource Identifier http://site.ebrary.com/lib/rucke/Doc?id=10256555

No items available.

© 2026 Rongo University
Contact us: librarian | system librarian | Rongo university